000 00912nam a22002175i 4500
001 162924
003 ES-MaACL
005 20250809015522.0
008 990908s1885 sp |||| | spa d
040 _aCCPB | B
_bspa
_cCCPB | B
100 1 _aRamírez Helguera, Martín.
_9131587
245 1 0 _aEstudio histórico de las leyes y colecciones antiguas y modernas de España ó Resumen de la historia general del derecho español /
_cpor Martin Ramirez de Helguera.
260 _aCarrión de los Condes :
_b[s.n.],
_c1885 (
_fImp. y enc. de V. Macias é hijo)
300 _a[6], VI, 202, [7] p. ;
_c16 cm.
510 4 _aPalau,
_ct. XV, 287093
650 4 _aDerecho-
_zEspaña-
_vHistoria
_911614
752 _aEspaña -
_dCarrión de los Condes
852 _aES-MaACL
_jT-478-F-14
_z-- Enc. hol., falto de la cub. original
_z-- Enc. en un vol. facticio
942 _2udc
999 _c162924
_d162924